000 00395nam a22001697a 4500
005 20180801152943.0
008 160622b xxu||||| |||| 00| 0 eng d
020 _a978-81-203-3565-3
041 _aeng
082 _b8878
_a658.3
100 _aRobbins and Judge
_94677
245 _aOrganizonal Behaviour
260 _bPHI
_adelhi
300 _a681p,
650 _aManagement
_9241
942 _cBK
999 _c3472
_d3471